Dinámica del desarrollo industrial de las regiones españolas / (Record no. 18172)

MARC details
000 -LEADER
campo de control de longitud fija 01129nam a2200289 i 4500
001 - NÚMERO DE CONTROL
campo de control 18172
003 - IDENTIFICADOR DE NÚMERO DE CONTROL
campo de control ES-MaACL
005 - FECHA Y HORA DE LA ÚLTIMA TRANSACCIÓN
campo de control 20250628063303.0
007 - CAMPO FIJO DE DESCRIPCIÓN FÍSICA--INFORMACIÓN GENERAL
campo de control de longitud fija t|
008 - DATOS DE LONGITUD FIJA--INFORMACIÓN GENERAL
campo de control de longitud fija 011003s1972 sp ||||1| spa d
080 ## - NÚMERO DE LA CLASIFICACIÓN DECIMAL UNIVERSAL
Número de la Clasificación Decimal Universal 338.45(460)
100 1# - ENTRADA PRINCIPAL--NOMBRE DE PERSONA
Nombre de persona Miguel, Amando de.
9 (RLIN) 81000
Término indicativo de función/relación Autor
245 10 - MENCIÓN DEL TÍTULO
Título Dinámica del desarrollo industrial de las regiones españolas /
Mención de responsabilidad, etc. Amando de Miguel, Juan Salcedo ; con la colaboración de Jaime Martín Moreno ... [et al.] ; prólogo de Román Perpiñá y Grau
260 ## - PUBLICACIÓN, DISTRIBUCIÓN, ETC.
Lugar de publicación, distribución, etc. Madrid :
Nombre del editor, distribuidor, etc. Tecnos,
Fecha de publicación, distribución, etc. [1972]
300 ## - DESCRIPCIÓN FÍSICA
Extensión 337 páginas ;
Dimensiones 24 cm.
490 1# - MENCIÓN DE SERIE
Mención de serie Semilla y surco.
Nombre de parte o sección de la obra Serie de sociología
RLIN 180377
650 14 - PUNTO DE ACCESO ADICIONAL DE MATERIA--TÉRMINO DE MATERIA
Término de materia o nombre geográfico como elemento de entrada Desarrollo industrial-
Subdivisión geográfica España.
9 (RLIN) 11807
700 1# - ENTRADA AGREGADA--NOMBRE PERSONAL
Nombre de persona Salcedo, Juan.
9 (RLIN) 101843
Término indicativo de función/relación Autor
700 1# - ENTRADA AGREGADA--NOMBRE PERSONAL
Nombre de persona Perpiñá, Román.
9 (RLIN) 91329
Término indicativo de función/relación Autor de introducción
700 1# - ENTRADA AGREGADA--NOMBRE PERSONAL
Nombre de persona Martín Moreno, Jaime.
9 (RLIN) 77578
Término indicativo de función/relación Colaborador
830 #0 - PUNTO DE ACCESO ADICIONAL DE SERIE-TÍTULO UNIFORME
Título uniforme Semilla y surco.
Nombre de parte o sección de la obra Serie de sociología
9 (RLIN) 180377
852 ## - LOCALIZACIÓN
Ubicación ES-MaACL
Número de control de estantería AND-111
Sublocalización o colección R.109497
Ubicación en estantería Depósito 2
852 ## - LOCALIZACIÓN
Ubicación ES-MaACL
Número de control de estantería C-42206
Sublocalización o colección R.80731
Ubicación en estantería Depósito 2
Donativo/Legado Biblioteca Juan Andrade
942 ## - ELEMENTOS DE ENTRADA SECUNDARIOS (KOHA)
Fuente del sistema de clasificación o colocación Clasificación decimal universal
Tipo de ítem Koha Libro impreso
Suprimir en OPAC No
Holdings
Estatus retirado Estado de pérdida Estado de daño No para préstamo Biblioteca de origen Biblioteca actual Ubicación en estantería Fecha de adquisición Fuente de adquisición Total de préstamos Signatura topográfica completa Código de barras Visto por última vez Precio de reemplazo Tipo de ítem Koha
        Biblioteca del Ateneo de Madrid Biblioteca del Ateneo de Madrid Depósito 2 17/01/2008     C-42206 1018580 23/02/2023 23/02/2023 Libro impreso
        Biblioteca del Ateneo de Madrid Biblioteca del Ateneo de Madrid Depósito 2 17/01/2008     AND-111 1018579 23/02/2023 23/02/2023 Libro impreso